Noms des cartes du tarot - Statistiques

Statistiques générales
  • Ce quiz a été pris 27 fois
  • Le résultat moyen est 13 sur 22
Statistiques - réponses
Réponse % Correct
XII- Le Pendu
92%
XIX- Le Soleil
92%
XVIII- La Lune
92%
XIII- L'arcane sans nom (La Mort)
83%
Le Mat (Le Fou)
75%
IV- L'Empereur
67%
VI- L'Amoureux
67%
XXI - Le Monde
67%
VII- Le Chariot
58%
X- La Roue de la Fortune
58%
XVII- L'étoile
58%
XVI- La Maison Dieu (La Tour)
58%
III- L'Impératrice
50%
I- Le Bateleur (Le Magicien)
50%
IX- L'Hermite
50%
VIII- La Justice
50%
XIV- Tempérance
50%
XV- Le Diable
50%
V- Le Pape (Le Hiérophante)
42%
XI- La Force
42%
II- La Papesse (La Grande Prêtresse)
33%
XX- Le Jugement
33%
Aucun quiz correspondant
Distribution des résultats
% des personnes avec chaque résultat
Percentile par nombre de réponses
Votre historique - résultats
Vous n’avez pas pris ce quiz